| 000 | nam a22 a 4500 | ||
|---|---|---|---|
| 999 |
_c802 _d802 |
||
| 003 | AKMAL | ||
| 005 | 20170505122614.0 | ||
| 008 | 170505s1988 my 00 may d | ||
| 020 | _cRgt. 4.50 (kkt.) | ||
| 040 | _aAKMAL | ||
| 082 | 0 | 4 | _a297.1 ZAI |
| 090 |
_a297.1 _bZAI |
||
| 100 |
_aAbdul Karim Zaidan _91750 |
||
| 245 | 1 |
_aKewajipan menegakkan negara Islam / _cAbdul Karim Zaidan ; terjemahan Abdul Ghani Hj. Shamsuddin |
|
| 260 |
_aKuala Lumpur : _bDewan Pustaka Fajar & Persatuan Ulama Malaysia , _c1988 |
||
| 300 | _ccm | ||
| 500 | _aMengandungi ayat-ayat dari Quran | ||
| 504 | _aMengandungi rujukan bibliografi | ||
| 650 |
_aIslam and state _91573 |
||
| 650 |
_aIslam _9922 |
||
| 700 | 0 |
_aAbdul Ghani Shamsuddin _91751 |
|
| 942 |
_2ddc _cBOOK |
||